El rock argentino en cien canciones : antología /
Guardado en:
| Otros Autores: | , |
|---|---|
| Formato: | Libro |
| Publicado: |
Buenos Aires :
Colihue,
2013
|
| Series: | Leer y crear / Herminia Petruzzi
|
| Materias: | |
| Etiquetas: |
Agregar Etiqueta
Sin Etiquetas, Sea el primero en etiquetar este registro!
|
| LEADER | 00801nam a22002295a 4500 | ||
|---|---|---|---|
| 001 | CEM.cems014393 | ||
| 005 | 20140507113319.0 | ||
| 008 | 130507s2013##################000#0#####d | ||
| 003 | CEMS | ||
| 020 | |a 9789876849487 | ||
| 082 | 0 | 4 | |a 780.982 |
| 245 | 0 | 0 | |a El rock argentino en cien canciones : |b antología / |c Selección, Prólogo, Notas y Propuestas de Trabajo de Guillermo Toscano y García y Jorge Warley |
| 260 | |a Buenos Aires : |b Colihue, |c 2013 | ||
| 300 | |a 160 p. | ||
| 490 | 0 | |a Leer y crear / Herminia Petruzzi | |
| 653 | |a Rock argentino | ||
| 653 | |a Rock argentino-letras | ||
| 653 | |a Ministerio de educación-colección literaria | ||
| 653 | |a Canciones | ||
| 700 | 1 | |a Warley, Jorge | |
| 700 | 1 | |a Toscano y García, Guillermo | |
| 859 | |a CEMS |b BIB. CEMS - 11 de abril |h 780.982 |i T639 |p 26772.14 |t Ej.1 | ||
